Augmented intelligence : (Record no. 234025)
[ view plain ]
| 000 -LEADER | |
|---|---|
| fixed length control field | 00900nam a22002417a 4500 |
| 005 - DATE AND TIME OF LATEST TRANSACTION | |
| control field | 20250328043012.0 |
| 008 - FIXED-LENGTH DATA ELEMENTS--GENERAL INFORMATION | |
| fixed length control field | 250328b |||||||| |||| 00| 0 eng d |
| 020 ## - INTERNATIONAL STANDARD BOOK NUMBER | |
| International Standard Book Number | 9781032605029 |
| 040 ## - CATALOGING SOURCE | |
| Transcribing agency | AIMIT LIBRARY |
| 082 ## - DEWEY DECIMAL CLASSIFICATION NUMBER | |
| Edition number | 1 |
| Classification number | 658.4012 |
| Item number | HURJ |
| 100 ## - MAIN ENTRY--PERSONAL NAME | |
| Personal name | Hurwitz, Judith. |
| 9 (RLIN) | 207027 |
| 245 ## - TITLE STATEMENT | |
| Title | Augmented intelligence : |
| Remainder of title | business power of human machine collaboration / |
| Statement of responsibility, etc. | By Judith Hurwitz...[et.al]. |
| 250 ## - EDITION STATEMENT | |
| Edition statement | 1st ed. |
| 260 ## - PUBLICATION, DISTRIBUTION, ETC. | |
| Place of publication, distribution, etc. | New York : |
| Name of publisher, distributor, etc. | CRC Press ; |
| Date of publication, distribution, etc. | 2021. |
| 300 ## - PHYSICAL DESCRIPTION | |
| Extent | xxvii,141p. ; |
| Other physical details | PB |
| Dimensions | 23 cm. |
| 650 ## - SUBJECT ADDED ENTRY--TOPICAL TERM | |
| Topical term or geographic name entry element | Building models to support augmented intelligence |
| 9 (RLIN) | 207028 |
| 650 ## - SUBJECT ADDED ENTRY--TOPICAL TERM | |
| Topical term or geographic name entry element | Augmented intelligence in a business process |
| 9 (RLIN) | 207029 |
| 650 ## - SUBJECT ADDED ENTRY--TOPICAL TERM | |
| Topical term or geographic name entry element | Getting started on your journey to augmented intelligence |
| 9 (RLIN) | 207030 |
| 700 ## - ADDED ENTRY--PERSONAL NAME | |
| Personal name | Morris, Henry. |
| 9 (RLIN) | 207031 |
| 700 ## - ADDED ENTRY--PERSONAL NAME | |
| Personal name | Sidner, Candace. |
| 9 (RLIN) | 207032 |
| 700 ## - ADDED ENTRY--PERSONAL NAME | |
| Personal name | Kirsch, Daniel. |
| 9 (RLIN) | 207033 |
| 942 ## - ADDED ENTRY ELEMENTS (KOHA) | |
| Source of classification or shelving scheme | Dewey Decimal Classification |
| Koha item type | Book |
| Edition | 1st ed. |
| Call number prefix | 658.4012 HURJ |
| Withdrawn status | Lost status | Source of classification or shelving scheme | Damaged status | Not for loan | Collection code | Home library | Current library | Shelving location | Date acquired | Source of acquisition | Cost, normal purchase price | Inventory number | Total Checkouts | Full call number | Barcode | Date last seen | Cost, replacement price | Price effective from | Koha item type |
|---|---|---|---|---|---|---|---|---|---|---|---|---|---|---|---|---|---|---|---|
| Dewey Decimal Classification | MBA | St Aloysius Institute of Management & Information Technology | St Aloysius Institute of Management & Information Technology | Strategic Management | 03/11/2025 | Biblios Book Point | 795.00 | Bill.no:7073; Bill.dt:2025/02/28 | 658.4012 HURJ | MBA14795 | 05/23/2026 | 636.00 | 03/28/2025 | Book |